Fr. Conceicao Rodrigues College of Engineering

Engineering physics (Record no. 23619)

MARC details
000 -LEADER
fixed length control field 00330nam a2200157Ia 4500
082 ## - DEWEY DECIMAL CLASSIFICATION NUMBER
Classification number 530
Item number BHA
100 ## - MAIN ENTRY--PERSONAL NAME
Personal name Bhattacharyya/A
245 ## - TITLE STATEMENT
Title Engineering physics
260 ## - PUBLICATION, DISTRIBUTION, ETC.
Name of publisher, distributor, etc. Oxford Higher Education
Date of publication, distribution, etc. 2015
366 ## - TRADE AVAILABILITY INFORMATION
Publishers's discount category 25
300 ## - PHYSICAL DESCRIPTION
Extent 959
546 ## - LANGUAGE NOTE
Language note ENGLISH
-- Computers
650 ## - SUBJECT ADDED ENTRY--TOPICAL TERM
Topical term or geographic name entry element Physics
942 ## - ADDED ENTRY ELEMENTS (KOHA)
Koha item type BOOK
Holdings
Withdrawn status Lost status Damaged status Not for loan Collection Home library Current library Date acquired Source of acquisition Cost, normal purchase price Inventory number Total Checkouts Full call number Barcode Date last seen Cost, replacement price Price effective from Koha item type Total Renewals Date last checked out
        CRC Fr. Agnel's C.Rodrigues College of Engineering AGNEL TECHNICAL COLLEGE LIBRARY 17/03/2023 Allied Publishers 431.25 537 dt 09.09.2016 3 530 BHA 24409 04/03/2025 575.00   BOOK 2 21/02/2025
        CRC Fr. Agnel's C.Rodrigues College of Engineering AGNEL TECHNICAL COLLEGE LIBRARY 17/03/2023 Allied Publishers 431.25 537 dt 09.09.2016 2 530 BHA 24411 12/03/2025 575.00   BOOK   01/03/2025
        CRC Fr. Agnel's C.Rodrigues College of Engineering Fr. Agnel's C.Rodrigues College of Engineering 17/03/2023 Allied Publishers 431.25 537 dt 09.09.2016   530 BHA 24407 17/03/2023 575.00   BOOK    
        CRC Fr. Agnel's C.Rodrigues College of Engineering Fr. Agnel's C.Rodrigues College of Engineering 17/03/2023 Allied Publishers 431.25 537 dt 09.09.2016   530 BHA 24408 17/03/2023 575.00   BOOK    
        CRC Fr. Agnel's C.Rodrigues College of Engineering Fr. Agnel's C.Rodrigues College of Engineering 17/03/2023 Allied Publishers 431.25 537 dt 09.09.2016   530 BHA 24410 17/03/2023 575.00   BOOK